Statistiken für Die 10 Länder mit der höchsten Geburtenrate

Klicken Sie hier um das Quiz zu spielen!

Allgemein

  • Dieses Quiz wurde 155 mal gespielt
  • Das Durchschnittsergebnis liegt bei 6 aus 10

Antwortstatistiken

GeburtenrateLänder% Korrekt
7,40Niger
93%
5,74Nigeria
86%
6,40Demokratische Republik Kongo
83%
6,35Mali
72%
6,61Somalia
69%
6,31Tschad
68%
5,91Uganda
59%
5,95Angola
53%
6,00Burundi
43%
5,91Osttimor
2%

Verteilung der Resultate

Perzentil nach korrekt beantworteten Fragen

Anzahl Personen mit jedem Resultat

Ihre Resultats-Entwicklung

Sie haben dieses Quiz noch nicht gespielt